000 00534nam a2200157 a 4500
008 120416s1956 ||||||||||||||||| || u
050 _aHF 5549 Nor
100 _aNorthcott, Clarence Hunter
245 1 0 _aPersonnel management
246 _aprinciples and practice
250 _a3rd. rev.
260 _aNew York
_bPhilosophical Library
_c1956
300 _avii, 428p.
350 _a0.00
995 _D0.00
_FCBU-MAIN LIBRARY (Kitwe)
_H1
_I0.00
_UDAMAGED
_ZMain Library Open Access Collection
999 _c53407
_d53407